[Event "AUTO-OPEN-4601"]
[Site "http://www.queenalice.com/game.php?id=1859316"]
[Date "2025.7.3"]
[Round "1"]
[White "Carlos19"]
[Black "danielglowinski"]
[Result "1-0"]
[WhiteElo "1642"]
[BlackElo "2430"]

1. e4 c5 2. Bc4 e6 3. Nf3 Nf6 4. Nc3 d5 5. Bb5+ Bd7 6. e5 Ne4 7. Bxd7+ Nxd7 8.
d3 Nxc3 9. bxc3 Qc7 10. Bf4 h6 11. d4 Be7 12. O-O O-O 13. a4 Rac8 14. c4 Nb6 15.
cxd5 Nxd5 16. Bg3 Rfd8 17. dxc5 Ne3 18. fxe3 Rxd1 19. Rfxd1 Bxc5 20. Re1 Bb4 21.
Rec1 Qc4 22. h4 Qe4 23. Ra2 Qxe3+ 24. Bf2 Qxc1+ 25. Kh2 1-0

[Event "AUTO-OPEN-4601"]
[Site "http://www.queenalice.com/game.php?id=1859317"]
[Date "2025.7.3"]
[Round "1"]
[White "danielglowinski"]
[Black "Carlos19"]
[Result "1-0"]
[WhiteElo "2480"]
[BlackElo "1628"]

1. c4 e5 2. g3 Bc5 3. Bg2 Nc6 4. Nc3 Nf6 5. Nf3 Ng4 6. O-O d6 7. e3 f5 8. d4
exd4 9. exd4 Bb4 10. d5 Bxc3 11. dxc6 bxc6 12. bxc3 Ba6 13. Re1+ Kf8 14. h3 Nf6
15. Nd4 Qd7 16. Bxc6 Qc8 17. Qe2 Rb8 18. Qe7+ Kg8 19. Ne6 Ne8 20. Qf8# 1-0

[Event "AUTO-OPEN-4601"]
[Site "http://www.queenalice.com/game.php?id=1859344"]
[Date "2025.7.3"]
[Round "1"]
[White "danielglowinski"]
[Black "dosoldini"]
[Result "1-0"]
[WhiteElo "2479"]
[BlackElo "1652"]

1. e4 e5 2. Nf3 Nc6 3. Bc4 Nf6 4. d3 h6 5. Nc3 a6 6. Be3 d6 7. h3 Bd7 8. O-O Qc8
9. d4 Bxh3 10. gxh3 Qxh3 11. d5 Ng4 12. dxc6 Nxe3 13. fxe3 Qg3+ 14. Kh1 Qh3+ 15.
Kg1 g5 16. cxb7 Rb8 17. Qd5 g4 18. Qxf7+ Kd8 19. Qf6+ Kd7 20. Nxe5+ 1-0

[Event "AUTO-OPEN-4601"]
[Site "http://www.queenalice.com/game.php?id=1859345"]
[Date "2025.7.3"]
[Round "1"]
[White "dosoldini"]
[Black "danielglowinski"]
[Result "0-1"]
[WhiteElo "1668"]
[BlackElo "2489"]

1. e4 c5 2. e5 d6 3. d4 cxd4 4. Qxd4 Qa5+ 5. Bd2 Qxe5+ 6. Qxe5 dxe5 7. Nc3 Nc6
8. Nd5 Rb8 9. Bb5 Nf6 10. c4 e6 11. Ne3 Ne4 12. Nf3 f6 13. Bb4 Bxb4+ 14. Ke2 Ke7
15. Bxc6 bxc6 16. Rhd1 Ba5 17. b3 Nc3+ 0-1

[Event "AUTO-OPEN-4601"]
[Site "http://www.queenalice.com/game.php?id=1859346"]
[Date "2025.7.3"]
[Round "1"]
[White "danielglowinski"]
[Black "maurice916"]
[Result "0-1"]
[WhiteElo "2460"]
[BlackElo "1896"]

1. e4 c6 2. d4 d5 3. Nc3 dxe4 4. Nxe4 Nf6 5. Nxf6+ exf6 6. Nf3 Bg4 7. Bd3 Bd6 8.
O-O O-O 9. h3 Bh5 10. c3 Nd7 11. Re1 Qc7 12. Bd2 Rfe8 13. Be4 Nf8 14. Qc2 Bg6
15. Bxg6 hxg6 16. c4 Rad8 17. Rxe8 Rxe8 18. Rd1 Qd7 19. Be3 Bb8 20. d5 cxd5 21.
Rxd5 Qe6 22. Qd3 Nh7 23. Rd8 b6 24. Qd5 Nf8 0-1

[Event "AUTO-OPEN-4601"]
[Site "http://www.queenalice.com/game.php?id=1859347"]
[Date "2025.7.3"]
[Round "1"]
[White "maurice916"]
[Black "danielglowinski"]
[Result "1-0"]
[WhiteElo "1926"]
[BlackElo "2445"]

1. Nf3 Nf6 2. b3 g6 3. Bb2 Bg7 4. e3 d6 5. Be2 O-O 6. O-O c5 7. c4 Nc6 8. Nc3
Bf5 9. d3 Qa5 10. a3 a6 11. Nd5 Nxd5 12. cxd5 Bxb2 13. Ra2 Bg7 14. dxc6 bxc6 15.
Nd2 Qc7 16. e4 Bd7 17. Bf3 Rfb8 18. Be2 a5 19. Nf3 Be6 20. e5 Bxb3 21. Qd2 Bxa2
22. Qxa2 Qb6 23. Qc4 Qb2 24. exd6 exd6 25. a4 Rb4 26. Qc1 1-0

[Event "AUTO-OPEN-4602"]
[Site "http://www.queenalice.com/game.php?id=1859607"]
[Date "2025.7.8"]
[Round "1"]
[White "danielglowinski"]
[Black "ALDROB"]
[Result "1-0"]
[WhiteElo "2406"]
[BlackElo "1759"]

1. e4 e5 2. Nf3 Nc6 3. Bb5 a6 4. Ba4 Nf6 5. O-O Be7 6. Re1 O-O 7. Bxc6 bxc6 8.
Nxe5 Re8 9. Nf3 d6 10. d4 Bb7 11. Nc3 d5 12. e5 Bb4 13. exf6 Qxf6 14. Bg5 Qg6
15. Bf4 Bd6 16. Qd2 c5 17. Bxd6 cxd6 18. Re2 Rxe2 19. Qxe2 Bc6 20. Qe7 Re8 21.
Qc7 Ba8 22. Re1 Rxe1+ 23. Nxe1 1-0

[Event "AUTO-OPEN-4604"]
[Site "http://www.queenalice.com/game.php?id=1860260"]
[Date "2025.7.20"]
[Round "1"]
[White "danielglowinski"]
[Black "silverhawks"]
[Result "1-0"]
[WhiteElo "2484"]
[BlackElo "2185"]

1. c4 e5 2. g3 Nf6 3. Bg2 Nc6 4. Nc3 Bc5 5. Nf3 O-O 6. O-O d6 7. d3 a6 8. Bg5
Bf5 9. Nd5 a5 10. Nh4 Bg4 11. h3 Be6 12. Bxf6 gxf6 13. e3 f5 14. Qh5 Ne7 15.
Nf6+ Kg7 16. Qg5+ Ng6 17. Nxf5+ Bxf5 18. Nh5+ Kg8 19. Qh6 1-0

[Event "AUTO-OPEN-4604"]
[Site "http://www.queenalice.com/game.php?id=1860285"]
[Date "2025.7.20"]
[Round "1"]
[White "josebaron"]
[Black "danielglowinski"]
[Result "0-1"]
[WhiteElo "2143"]
[BlackElo "2482"]

1. e4 e6 2. Nf3 d5 3. exd5 exd5 4. d4 Nf6 5. Bd3 Bd6 6. O-O O-O 7. Bg5 c6 8. Re1
h6 9. Bh4 Be6 10. Nc3 Nbd7 11. a3 Bg4 12. h3 Bxf3 13. Qxf3 Qc7 14. Kf1 Rfe8 15.
Re2 Qb6 16. Rae1 Qxb2 17. Rxe8+ Rxe8 18. Rxe8+ Nxe8 19. Nd1 Qxd4 20. Qf5 Qxh4
21. Qxd7 Qe7 0-1

[Event "AUTO-OPEN-4604"]
[Site "http://www.queenalice.com/game.php?id=1860286"]
[Date "2025.7.20"]
[Round "1"]
[White "danielglowinski"]
[Black "josebaron"]
[Result "1/2-1/2"]
[WhiteElo "2490"]
[BlackElo "2123"]

1. e4 e5 2. Nf3 Nc6 3. Bc4 Bc5 4. O-O Nf6 5. Nc3 O-O 6. d3 h6 7. Be3 Bxe3 8.
fxe3 d6 9. d4 Na5 10. Bd3 Bg4 11. h3 Bh5 12. dxe5 dxe5 13. Qe1 Nc6 14. Qg3 a6
15. Nxe5 Nxe5 16. Qxe5 Re8 17. Qd4 c6 1/2-1/2

[Event "AUTO-OPEN-4604"]
[Site "http://www.queenalice.com/game.php?id=1860301"]
[Date "2025.7.20"]
[Round "1"]
[White "profeta"]
[Black "danielglowinski"]
[Result "0-1"]
[WhiteElo "1639"]
[BlackElo "2488"]

1. e4 e5 2. d4 exd4 3. Qxd4 Nc6 4. Qd1 Bb4+ 5. Bd2 Bxd2+ 6. Qxd2 Nge7 7. Nf3 O-O
8. Nc3 d6 9. h3 Be6 10. Ng5 Ng6 11. Nxe6 fxe6 12. O-O-O Qf6 13. Nb5 Rf7 14. Nxc7
Rxc7 15. Qc3 Qxf2 16. Qd2 Qxd2+ 17. Rxd2 Rd8 18. Bb5 Kf7 19. Rf1+ Ke7 0-1

[Event "AUTO-OPEN-4604"]
[Site "http://www.queenalice.com/game.php?id=1860302"]
[Date "2025.7.20"]
[Round "1"]
[White "danielglowinski"]
[Black "profeta"]
[Result "1-0"]
[WhiteElo "2487"]
[BlackElo "1641"]

1. e4 e5 2. Nf3 Nc6 3. d4 d5 4. Nxe5 Nxe5 5. dxe5 dxe4 6. Qxd8+ Kxd8 7. Nc3 Bb4
8. Bg5+ Ne7 9. O-O-O+ Ke8 10. Nxe4 h6 11. Be3 Ng6 12. f4 Bf5 13. Rd4 Bxe4 14.
Rxe4 a5 15. f5 Nh4 16. Rxh4 Rd8 17. Bc4 f6 18. Re4 g5 19. c3 Be7 20. exf6 1-0

[Event "AUTO-OPEN-4605"]
[Site "http://www.queenalice.com/game.php?id=1860503"]
[Date "2025.7.24"]
[Round "1"]
[White "Zero007"]
[Black "danielglowinski"]
[Result "0-1"]
[WhiteElo "2044"]
[BlackElo "2493"]

1. e4 c5 2. c4 e5 3. Nf3 d6 4. Nc3 Nf6 5. h3 Be7 6. g3 O-O 7. Bg2 Nc6 8. d3 Nd4
9. Nxd4 cxd4 10. Nd5 Nxd5 11. cxd5 f5 0-1

[Event "AUTO-OPEN-4605"]
[Site "http://www.queenalice.com/game.php?id=1860504"]
[Date "2025.7.24"]
[Round "1"]
[White "danielglowinski"]
[Black "Zero007"]
[Result "1-0"]
[WhiteElo "2481"]
[BlackElo "2032"]

1. e4 e5 2. Nf3 Nf6 3. Nxe5 d6 4. Nf3 Nxe4 5. d4 d5 6. Bd3 Be7 7. O-O O-O 8. c3
Bf5 9. Qc2 Nd7 10. Nbd2 Nxd2 11. Bxd2 Bg6 12. Bxg6 hxg6 13. Rae1 c5 14. dxc5
Bxc5 15. Bg5 Qc7 16. Qd2 1-0

[Event "AUTO-OPEN-4605"]
[Site "http://www.queenalice.com/game.php?id=1860526"]
[Date "2025.7.24"]
[Round "1"]
[White "danielglowinski"]
[Black "Takeda"]
[Result "1-0"]
[WhiteElo "2485"]
[BlackElo "2096"]

1. e4 g6 2. d4 Bg7 3. c4 d6 4. Nc3 Nf6 5. Nf3 O-O 6. Be2 Nc6 7. O-O e5 8. d5 Ne7
9. Be3 c6 10. h3 cxd5 11. cxd5 Bd7 12. Qd2 a6 13. Rfc1 Rc8 14. a4 Qa5 15. Qc2
Rc7 16. Qb3 Rfc8 17. Bb6 1-0

[Event "AUTO-OPEN-4605"]
[Site "http://www.queenalice.com/game.php?id=1860540"]
[Date "2025.7.24"]
[Round "1"]
[White "pomar"]
[Black "danielglowinski"]
[Result "0-1"]
[WhiteElo "1850"]
[BlackElo "2483"]

1. f3 d5 2. Kf2 e5 3. e3 Nc6 4. g3 Nf6 5. c4 d4 6. Qb3 Bc5 7. d3 dxe3+ 8. Bxe3
Bxe3+ 9. Kxe3 Bf5 10. Nd2 Qd4+ 11. Ke2 O-O-O 12. Ne4 Nxe4 13. Bg2 Qf2+ 14. Kd1
Qd2# 0-1

[Event "Challenge"]
[Site "http://www.queenalice.com/game.php?id=1863053"]
[Date "2025.9.15"]
[Round "-"]
[White "jogo"]
[Black "danielglowinski"]
[Result "0-1"]
[WhiteElo "1806"]
[BlackElo "2407"]

1. e4 e5 2. Nf3 Nf6 3. Nxe5 d6 4. Nf3 Nxe4 5. d4 Qe7 6. Be3 Nc6 7. d5 Ne5 8.
Nxe5 dxe5 9. Nd2 Nf6 10. h3 Nxd5 11. Nc4 Nxe3 12. Nxe3 Qb4+ 13. c3 Qxb2 14. Qc1
Ba3 15. Qxb2 Bxb2 0-1